000
00260pab a2200109 454500
008
180718b xxu||||| |||| 00| 0 eng d
100
_a
Saksena, R.S.
245
_a
Need to promote minor irrigation works
650
_a
Irrigation
773
_a
Yojana
909
_a
23757
999
_c
23757
_d
23757